[Event "Chicago Open 2013"]
[Site "Wheeling USA"]
[Date "2013.05.27"]
[Round "8.8"]
[White "Troff,Kayden W"]
[Black "Mikhalevski,V"]
[Result "0-1"]
[WhiteElo "2421"]
[BlackElo "2551"]

1.d4 Nf6 2.c4 g6 3.Nc3 d5 4.cxd5 Nxd5 5.e4 Nxc3 6.bxc3 Bg7 7.Nf3 c5 8.Be3 Qa5
9.Qd2 O-O 10.Rc1 b6 11.Bh6 Nd7 12.Bxg7 Kxg7 13.d5 Re8 14.Bd3 e6 15.O-O exd5
16.exd5 Nf6 17.Qb2 Bg4 18.Nd2 Be2 19.Bxe2 Rxe2 20.Rfe1 Rxe1+ 21.Rxe1 Nxd5
22.Ne4 Re8 23.Qd2 Nf6 24.Nxf6 Rxe1+ 25.Qxe1 Kxf6 26.f4 c4 27.Qe3 Kf5 28.Kf2 h5
29.h3 Qd5 30.g3 f6 31.Qe2 Qd3 32.Qb2 Ke4 33.Kg2 Qf3+ 34.Kh2 Kd3 35.Qb1+ Ke2
36.Qxg6 Qf2+ 37.Kh1 Qf1+ 38.Kh2 Kf3 39.Qc2 f5 40.Qd2 Qf2+ 41.Qxf2+ Kxf2  0-1

[Event "Chicago Open 2013"]
[Site "Wheeling USA"]
[Date "2013.05.27"]
[Round "9.14"]
[White "Shmeliov,D"]
[Black "Ulrich,T1"]
[Result "1/2-1/2"]
[WhiteElo "2431"]
[BlackElo "1739"]

1.d4 Nf6 2.c4 g6 3.Nc3 d5 4.cxd5 Nxd5 5.e4 Nxc3 6.bxc3 Bg7 7.Be3 c5 8.Qd2 Qa5
9.Rb1 cxd4 10.cxd4 Qxd2+ 11.Kxd2 O-O 12.Nf3 Rd8 13.Bd3 Nc6 14.d5 Na5 15.Bf4 b6
16.Ke2 f5 17.exf5 Bxf5 18.Bxf5 gxf5 19.Rhd1 Rac8 20.Rbc1 Rxc1 21.Bxc1 Bf6
22.Bg5 Kg7 23.Rd3 Nc4 24.Bf4 b5 25.Nd2 Nb2 26.Rg3+ Kf7 27.Rh3 Kg7 28.Rg3+ Kf7  1/2-1/2

[Event "40 Yrs Beer Sheva CC"]
[Site "Beer Sheva ISR"]
[Date "2013.05.28"]
[Round "7"]
[White "Postny,E"]
[Black "Avrukh,B"]
[Result "0-1"]
[WhiteElo "2637"]
[BlackElo "2576"]

1.d4 Nf6 2.c4 g6 3.Nc3 d5 4.cxd5 Nxd5 5.e4 Nxc3 6.bxc3 Bg7 7.Bc4 c5 8.Ne2 Nc6
9.Be3 O-O 10.O-O Bg4 11.f3 Bd7 12.Rb1 Qc7 13.Bf4 Qc8 14.d5 Na5 15.Bd3 e6
16.c4 exd5 17.exd5 b5 18.cxb5 c4 19.Be4 Qc5+ 20.Kh1 Bxb5 21.Bd6 Qxd6 22.Rxb5 Qa3
23.d6 Rab8 24.Rxb8 Rxb8 25.d7 Rd8 26.Qd5 Qa4 27.Rd1 c3 28.Nf4 Nc4 29.Re1 Nb6
30.Qg5 Qxd7 31.h4 h6 32.Qg3 Qc7 33.Qg4 c2 34.Bxg6 Rd1 35.Bxf7+ Qxf7  0-1

[Event "35th Nezhmetdinov Cup"]
[Site "Kazan RUS"]
[Date "2013.05.31"]
[Round "1.33"]
[White "Tunik,G"]
[Black "Ovchinnikov,Vsevolod"]
[Result "1-0"]
[WhiteElo "2430"]
[BlackElo "2006"]

1.d4 Nf6 2.c4 g6 3.Nc3 d5 4.cxd5 Nxd5 5.e4 Nxc3 6.bxc3 Bg7 7.Be3 c5 8.Rc1 O-O
9.Nf3 Qa5 10.Qd2 Rd8 11.d5 f5 12.e5 Nc6 13.Bf4 e6 14.d6 Bd7 15.h4 h5 16.Rh3 c4
17.Bxc4 Nxe5 18.Bxe5 Bxe5 19.Qh6 Kf7 20.Qh7+ Bg7 21.Rg3 Rg8 22.Kf1 Qc5 23.Ng5+ Kf6
24.Ne4+ fxe4 25.Qxg6+ Ke5 26.Rg5+ Kxd6 27.Rxc5 Kxc5 28.Be2 Raf8 29.Qxe4 Bc6
30.Qb4+ Kd5 31.Bc4+ Ke5 32.Re1+ Kf5 33.Bxe6+ Kg6 34.Qb1+ Kh6 35.Bxg8  1-0

[Event "Mitropa Cup 2013"]
[Site "Meissen GER"]
[Date "2013.06.01"]
[Round "1.4"]
[White "Pacher,M"]
[Black "Schreiner,Pe"]
[Result "1-0"]
[WhiteElo "2470"]
[BlackElo "2447"]

1.d4 Nf6 2.c4 g6 3.Nc3 d5 4.cxd5 Nxd5 5.e4 Nxc3 6.bxc3 Bg7 7.Nf3 c5 8.Be3 Qa5
9.Qd2 Nc6 10.Rc1 cxd4 11.cxd4 Qxd2+ 12.Kxd2 O-O 13.d5 Rd8 14.Kc2 Na5 15.Bg5 Kf8
16.Kb1 b5 17.Rc7 Rd7 18.Rc2 f5 19.Bd3 Nc4 20.Bc1 fxe4 21.Bxe4 Nd6 22.Bd3 Bb7
23.Ng5 Bxd5 24.Nxh7+ Kg8 25.Ng5 Nf5 26.Rd1 Rad8 27.Rc5 a6 28.Bc2 e6 29.Bb3 Bf8
30.Nxe6 Bxb3 31.Rxd7 Rxd7 32.Nxf8 Bxa2+ 33.Kxa2 Kxf8 34.Rc6 Kf7 35.Rxa6 Ne7
36.Kb3 Nd5 37.Bb2 g5 38.g4 Nf4 39.Rf6+ Ke7 40.Rf5 Rd3+ 41.Kb4 Rf3 42.Bf6+ Ke6
43.Bxg5 Nd3+ 44.Kc3 b4+ 45.Kd4 Rxf2 46.Kxd3 Rxh2 47.Rf6+ Kd5 48.Rf5+ Ke6
49.Rb5 Rh3+ 50.Be3  1-0

[Event "Grand Europe Open Albena"]
[Site "Albena BUL"]
[Date "2013.06.02"]
[Round "2.32"]
[White "Abdalla,L"]
[Black "Givon,A"]
[Result "1/2-1/2"]
[WhiteElo "2288"]
[BlackElo "2415"]

1.d4 Nf6 2.c4 g6 3.Nc3 d5 4.cxd5 Nxd5 5.e4 Nxc3 6.bxc3 Bg7 7.Be3 c5 8.Qd2 Qa5
9.Rc1 O-O 10.Nf3 Rd8 11.d5 Nc6 12.h4 e6 13.h5 exd5 14.hxg6 hxg6 15.Bh6 Bh8
16.Bg5 Bg7 17.Bxd8 Qxd8 18.exd5 Ne5 19.Nxe5 Bxe5 20.g3 Bf5 21.Bg2 c4 22.O-O Qb6
23.Rfe1 Bxg3 24.Qd4 Bc7 25.Qxb6 axb6 26.Bf1 b5 27.Re7 Bf4 28.Rd1 b4 29.Rd4 Bg5
30.Rc7 bxc3 31.Rdxc4 c2 32.Rxc2 Bxc2 33.Rxc2 Bf4 34.Bc4 Bd6 35.Bb3 Re8 36.Kf1 Kg7
37.Re2  1/2-1/2

[Event "FSIM June 2013"]
[Site "Budapest HUN"]
[Date "2013.06.02"]
[Round "2.1"]
[White "Szeberenyi,A"]
[Black "Korpa,B"]
[Result "1-0"]
[WhiteElo "2309"]
[BlackElo "2357"]

1.d4 Nf6 2.c4 g6 3.Nc3 d5 4.cxd5 Nxd5 5.e4 Nxc3 6.bxc3 Bg7 7.Qa4+ Nd7 8.Nf3 O-O
9.Bg5 c5 10.Rd1 Qc7 11.Be2 e5 12.d5 Nb6 13.Qa3 Bg4 14.Be3 Rac8 15.Rb1 Bxf3
16.gxf3 a6 17.Qb3 Na8 18.Qxb7 Rb8 19.Qxc7 Rxb1+ 20.Kd2 Rb2+ 21.Kc1 Nxc7 22.Kxb2 Rb8+
23.Kc2 Bf8 24.f4 f6 25.fxe5 fxe5 26.Rb1 Rxb1 27.Kxb1 Bd6 28.Kc2 Kf7 29.Kb3 Ke7
30.Kc4 Nb5 31.a4 Na7 32.Bg4  1-0

[Event "35th Nezhmetdinov Cup"]
[Site "Kazan RUS"]
[Date "2013.06.03"]
[Round "4.15"]
[White "Gabrielian,A"]
[Black "Zakhartsov,Vl"]
[Result "1/2-1/2"]
[WhiteElo "2545"]
[BlackElo "2335"]

1.d4 Nf6 2.c4 g6 3.Nc3 d5 4.cxd5 Nxd5 5.e4 Nxc3 6.bxc3 Bg7 7.Bc4 c5 8.Ne2 Nc6
9.Be3 O-O 10.O-O Qc7 11.Rc1 e6 12.Qd2 a6 13.Bh6 b5 14.Bxg7 Kxg7 15.Bd3 Rd8
16.e5 Bb7 17.Qf4 cxd4 18.cxd4 Qd7 19.h4 Nb4 20.Bb1 Nd5 21.Qg5 Rac8 22.Ng3 Qe7
23.Nh5+ Kh8 24.Nf6 Nxf6 25.exf6 Qf8 26.Rxc8 Rxc8 27.h5 h6 28.Qg4 g5 29.Qg3 b4
30.Qe5 Qd8 31.Rd1 Qd5 32.Qg3 Rc3 33.f3 Qd8 34.Qe5 Qc7 35.Be4 Qxe5 36.dxe5 Bxe4
37.fxe4 Ra3 38.Rd8+ Kh7 39.Rf8 Rxa2 40.Rxf7+ Kg8 41.Rb7 a5 42.Kh2 Rc2 43.Rb5 Rc8
44.Rxa5 Rb8 45.Ra2 b3 46.Rb2 Kf7 47.Kg3 Rb5 48.Kf3 Rxe5 49.Rxb3 Kxf6 50.Rb7 g4+
51.Kxg4 Rxe4+ 52.Kh3 Re5 53.g4 Re3+ 54.Kh4 Re1 55.Rh7 Rh1+ 56.Kg3 Rg1+ 57.Kf4 e5+
58.Kf3 Kg5 59.Rg7+ Kh4 60.Rg6 Rg3+ 61.Ke2 Rxg4 62.Rxh6 Rg5 63.Kf3 Rxh5 64.Rxh5+ Kxh5
65.Ke4 Kg6 66.Kxe5  1/2-1/2

[Event "Grand Europe Open Albena"]
[Site "Albena BUL"]
[Date "2013.06.04"]
[Round "4.12"]
[White "Drenchev,P"]
[Black "Erturan,Y"]
[Result "1/2-1/2"]
[WhiteElo "2485"]
[BlackElo "2374"]

1.d4 Nf6 2.c4 g6 3.Nc3 d5 4.cxd5 Nxd5 5.e4 Nxc3 6.bxc3 Bg7 7.Nf3 O-O 8.Be2 c5
9.Rb1 Nc6 10.d5 Ne5 11.Nxe5 Bxe5 12.O-O Bxc3 13.Be3 b6 14.f4 e6 15.Bc4 Bb7
16.Qd3 exd5 17.exd5 Qf6 18.Bxc5 bxc5 19.Rxb7 Rfb8 20.Rb3 Rxb3 21.axb3 Qd4+  1/2-1/2

[Event "Grand Europe Open Albena"]
[Site "Albena BUL"]
[Date "2013.06.06"]
[Round "6.7"]
[White "Gavrilov,Al1"]
[Black "Chatalbashev,B"]
[Result "0-1"]
[WhiteElo "2454"]
[BlackElo "2560"]

1.d4 Nf6 2.c4 g6 3.Nc3 d5 4.cxd5 Nxd5 5.e4 Nxc3 6.bxc3 Bg7 7.Qa4+ Nd7 8.Nf3 O-O
9.Bg5 c5 10.Rc1 Qc7 11.Bd3 a6 12.Qa3 e5 13.d5 c4 14.Bc2 b5 15.O-O a5 16.Rb1 Ba6
17.d6 Qb6 18.Be3 Qd8 19.Rfd1 Rb8 20.Qc1 Qc8 21.Rd5 Qc6 22.Qa3 a4 23.Rbd1 Rfd8
24.h4 h5 25.Qc1 f6 26.Ne1 Bb7 27.Qb2 Ba6 28.Bb1 Nb6 29.R5d2 Bb7 30.Nc2 a3
31.Qxa3 Ra8 32.Qc1 Na4 33.Nb4 Qd7 34.Nd5 Bxd5 35.Rxd5 Ra6 36.Qa3 Bf8 37.Bc2 Rxd6
38.Rxd6 Bxd6 39.Bxa4 Bxa3 40.Rxd7 Rxd7 41.Bxb5 Rc7 42.Bb6 Rc8 43.Bd7 Rb8
44.Be6+ Kg7 45.Be3 Rb1+ 46.Kh2 Bb2 47.Bxc4 Bxc3 48.Kg3 f5 49.exf5 gxf5 50.Kf3 Rb4
51.Be2 Rxh4 52.g3 Ra4 53.Kg2 Bd4 54.Bxh5 Rxa2 55.Kf1 Kf6 56.Bf3 Ke6 57.Bb7 Kf6
58.Bc6 Bxe3 59.fxe3 Kg5 60.Bd5 Rb2 61.Bf3 e4  0-1

[Event "Grand Europe Open Albena"]
[Site "Albena BUL"]
[Date "2013.06.06"]
[Round "6.15"]
[White "Enchev,I"]
[Black "Kanmazalp,O"]
[Result "1-0"]
[WhiteElo "2473"]
[BlackElo "2382"]

1.d4 Nf6 2.c4 g6 3.Nc3 d5 4.cxd5 Nxd5 5.e4 Nxc3 6.bxc3 Bg7 7.Bc4 c5 8.Ne2 Nc6
9.Be3 O-O 10.O-O b6 11.Qd2 Bb7 12.Rfe1 Rc8 13.Rac1 cxd4 14.cxd4 Qd6 15.d5 Na5
16.Bb5 Rxc1 17.Rxc1 e6 18.dxe6 Qxe6 19.f3 Qe7 20.Rd1 f5 21.exf5 Rxf5 22.Qd8+ Qxd8
23.Rxd8+ Rf8 24.Rd6 Be5 25.Re6 Bg7 26.Rd6 Be5 27.Rd1 Bf6 28.Rd6 Be5 29.Rd7 Rf7
30.Rd1 Bc6 31.Ba6 Bb7 32.Bd3 Rc7 33.f4 Bf6 34.f5 Re7 35.Bd4 Kg7 36.Bxf6+ Kxf6
37.Rf1 gxf5 38.Rxf5+ Kg7 39.Ng3 Bc8 40.Rg5+ Kf8 41.Rh5 Be6 42.a3 Nc4 43.Rh4 b5
44.a4 a6 45.axb5 axb5 46.Bxh7 b4 47.Bf5 Bg8 48.Rf4 Kg7 49.Bd3 Rc7 50.Nf5+ Kg6
51.Rg4+  1-0

[Event "French Top 12 2013"]
[Site "Haguenau FRA"]
[Date "2013.06.06"]
[Round "8.5"]
[White "Cossin,S"]
[Black "Kallai,G"]
[Result "1-0"]
[WhiteElo "2509"]
[BlackElo "2473"]

1.d4 Nf6 2.c4 g6 3.Nc3 d5 4.cxd5 Nxd5 5.e4 Nxc3 6.bxc3 Bg7 7.Bg5 O-O 8.Rc1 c5
9.d5 Qa5 10.Qd2 e6 11.d6 Qa4 12.Bd3 f6 13.Bh6 Qc6 14.Bxg7 Kxg7 15.Bc2 e5
16.f4 exf4 17.Qxf4 Be6 18.Nf3 Nd7 19.h4 h5 20.O-O Bg4 21.Rcd1 Rae8 22.Qg3 b5
23.Kh1 a6 24.a4 Kh7 25.axb5 axb5 26.Ra1 Qb7 27.e5 fxe5 28.Nh2 Nf6 29.Qe3 Nd5
30.Qg5 Nf4 31.Rxf4 exf4 32.Bxg6+ Kh8 33.Bxe8 f3 34.Qe5+ Kg8 35.Bxh5 fxg2+
36.Kg1 Bh3 37.Qg3+  1-0

[Event "Icelandic Open Championship 2013"]
[Site "Reykjavik ISL"]
[Date "2013.06.06"]
[Round "8.24"]
[White "Bragason,Gudmundur Agnar"]
[Black "Einarsson,Oskar Long"]
[Result "0-1"]
[WhiteElo "1325"]
[BlackElo "1605"]

1.d4 Nf6 2.c4 g6 3.Nc3 d5 4.cxd5 Nxd5 5.e4 Nxc3 6.bxc3 Bg7 7.Nf3 c5 8.Bb5+ Bd7
9.Qa4 O-O 10.Ba3 a6 11.Bxd7 Nxd7 12.Rd1 b5 13.Qc2 Qc7 14.d5 Ne5 15.Nxe5 Bxe5
16.g3 Rac8 17.c4 Qa5+ 18.Ke2 Qxa3 19.f4 Bd4 20.cxb5 Qe3+ 21.Kf1 Qf3+ 22.Ke1 Qxh1+
23.Kd2 Qxh2+ 24.Kc1 Qxc2+ 25.Kxc2 axb5 26.g4 Ra8 27.Kb3 Ra4 28.e5 Rb4+ 29.Kc2 Rb2+
30.Kd3 Rxa2  0-1

[Event "Icelandic Open Championship 2013"]
[Site "Reykjavik ISL"]
[Date "2013.06.06"]
[Round "8.17"]
[White "Helgadottir,S"]
[Black "Thorsteinsdottir,H"]
[Result "0-1"]
[WhiteElo "1760"]
[BlackElo "1985"]

1.d4 Nf6 2.c4 g6 3.Nc3 d5 4.cxd5 Nxd5 5.e4 Nxc3 6.bxc3 Bg7 7.Bc4 c5 8.Ne2 O-O
9.O-O Nc6 10.Be3 Qc7 11.Qc2 Na5 12.Bb3 c4 13.Ba4 a6 14.Qd2 Rd8 15.Rab1 b5
16.Bc2 Bd7 17.d5 Nb7 18.a4 Nc5 19.Nd4 bxa4 20.Rb4 Nb3 21.Qe2 Rdc8 22.f4 a5
23.Nb5 Qd8 24.Na7 axb4 25.Nxc8 Qxc8 26.cxb4 Qa6 27.e5 a3 28.Bxb3 cxb3 29.Qd1 b2
30.Bd4 Bf5  0-1

[Event "French Top 12 2013"]
[Site "Haguenau FRA"]
[Date "2013.06.07"]
[Round "9.5"]
[White "Kallai,G"]
[Black "Le Roux,JP"]
[Result "0-1"]
[WhiteElo "2473"]
[BlackElo "2576"]

1.d4 Nf6 2.c4 g6 3.Nc3 d5 4.cxd5 Nxd5 5.e4 Nxc3 6.bxc3 Bg7 7.Qa4+ Qd7 8.Qb3 O-O
9.Nf3 c5 10.Be3 cxd4 11.cxd4 Nc6 12.Rd1 Qd6 13.h3 Bd7 14.Bb5 a6 15.e5 Qc7
16.Be2 Bf5 17.O-O Rac8 18.Rc1 Qd7 19.Qb6 Be6 20.Rc2 Bd5 21.Rfc1 Rfd8 22.Nd2 h6
23.Bf3 Bxf3 24.Nxf3 e6 25.Nd2 Ne7 26.Ne4 Nd5 27.Qb3 b6 28.Bd2 Rxc2 29.Rxc2 Rc8
30.g3 Rxc2 31.Qxc2 Ne7 32.Be3 Nd5 33.Qc4 b5 34.Qc5 Bf8 35.Qxd5 Qxd5 36.Nf6+ Kg7
37.Nxd5 exd5 38.f4 f5 39.Kf2 Kf7 40.Ke2 Ke6 41.Kd3 Kd7 42.Kc2 a5 43.Bd2 a4
44.Ba5 b4 45.Kd3 Be7 46.Bb6 Kc6 47.Ba5 g5 48.Kc2 Kd7 49.Kd3 Ke6 50.Ke3 Kf7
51.Kd3 Kg6 52.Ke3 g4 53.h4 h5 54.Kd3 Kf7 55.Ke3 Ke6 56.Kd3 Kd7 57.Ke3 Kc6
58.Kd3 Kb5 59.Bc7 Kc6 60.Ba5 a3 61.e6 Kb5 62.Bc7 b3  0-1

[Event "3rd Women Masters"]
[Site "Wuxi CHN"]
[Date "2013.06.07"]
[Round "7.2"]
[White "Shen Yang"]
[Black "Ding Yixin"]
[Result "1/2-1/2"]
[WhiteElo "2397"]
[BlackElo "2427"]

1.d4 Nf6 2.c4 g6 3.Nc3 d5 4.cxd5 Nxd5 5.e4 Nxc3 6.bxc3 Bg7 7.Nf3 c5 8.Be3 Qa5
9.Qd2 Nc6 10.Rc1 cxd4 11.cxd4 Qxd2+ 12.Kxd2 O-O 13.d5 Rd8 14.Kc2 Na5 15.Bg5 f6
16.Bd2 b6 17.Bxa5 bxa5 18.Bc4 Bd7 19.Rhe1 Kf8 20.Nd4 Rab8 21.f4 Rb4 22.Kd3 Bh6
23.g3 e5 24.dxe6 Bxe6 25.Rc3 Ra4 26.Rb1 Bxc4+ 27.Rxc4 Rxa2 28.Rb7 Kg8 29.Rxa7 Rxh2
30.Ke3 Re8 31.Rxa5 Rh1 32.Rc6 Re1+ 33.Ne2 Rb1 34.Nc3 Rb3 35.Kd4 Rb7 36.Kc4 Bg7
37.f5 Bh6 38.Rd5 Bg5 39.e5 gxf5 40.exf6 h6 41.Rxf5 Re3 42.Nb5 Rf7 43.Rc8+ Kh7
44.Rc7 Kg6 45.Rxf7 Kxf5 46.Nd4+  1/2-1/2

[Event "Mitropa Cup 2013"]
[Site "Meissen GER"]
[Date "2013.06.08"]
[Round "8.3"]
[White "Schachinger,M"]
[Black "Wagner,De"]
[Result "0-1"]
[WhiteElo "2412"]
[BlackElo "2461"]

1.d4 Nf6 2.c4 g6 3.Nc3 d5 4.cxd5 Nxd5 5.e4 Nxc3 6.bxc3 Bg7 7.Nf3 c5 8.Rb1 O-O
9.Be2 cxd4 10.cxd4 Qa5+ 11.Bd2 Qxa2 12.O-O Bg4 13.Bg5 h6 14.Be3 Nc6 15.d5 Na5
16.Re1 b6 17.Nd4 Bd7 18.Ba6 Qa3 19.Qd2 h5 20.Bh6 e5 21.dxe6 Bxe6 22.Bxg7 Kxg7
23.Qg5 Rad8 24.Qe5+ Kh6 25.Qf4+ Kh7 26.Nxe6 fxe6 27.Qc7+ Kh6 28.Qxa7 Rxf2
29.Qxb6 Rdd2 30.Qxf2 Rxf2 31.Kxf2 Qd6 32.Be2 Qxh2 33.Bf3 Nc4 34.Rbc1 Ne5
35.Ke3 g5 36.Kd4 g4 37.Rh1 Qg3 38.Be2 Ng6 39.Bc4 Qxg2 40.Bxe6 Qd2+ 41.Kc5 Qa5+
42.Kd6 Qe5+ 43.Kd7 Nf8+ 44.Ke7 Kg7  0-1

[Event "Mitropa Cup 2013"]
[Site "Meissen GER"]
[Date "2013.06.08"]
[Round "8.3"]
[White "Bluebaum,M"]
[Black "Schreiner,Pe"]
[Result "0-1"]
[WhiteElo "2521"]
[BlackElo "2456"]

1.d4 Nf6 2.c4 g6 3.Nc3 d5 4.cxd5 Nxd5 5.e4 Nxc3 6.bxc3 Bg7 7.Nf3 c5 8.Be3 Qa5
9.Nd2 Bd7 10.Rb1 Qxc3 11.dxc5 Bc6 12.Bb5 Bd4 13.Rc1 Qb2 14.Rc2 Qxb5 15.Bxd4 O-O
16.Qf3 Rd8 17.Qe3 Na6 18.a3 Nc7 19.h4 Ne6 20.Bb2 Qd3 21.Rc3 Qxe3+ 22.fxe3 h5
23.Rf1 Rac8 24.Rf2 Ba4 25.Nf3 Rd1+ 26.Ke2 Rb1 27.Bc1 Rxc5  0-1

[Event "43rd Open A Bosna 2013"]
[Site "Sarajevo BIH"]
[Date "2013.06.08"]
[Round "9.6"]
[White "Kozul,Z"]
[Black "Grandelius,N"]
[Result "1-0"]
[WhiteElo "2606"]
[BlackElo "2544"]

1.d4 Nf6 2.c4 g6 3.Nc3 d5 4.cxd5 Nxd5 5.e4 Nxc3 6.bxc3 Bg7 7.Be3 c5 8.Qd2 Qa5
9.Rc1 cxd4 10.cxd4 Qxd2+ 11.Bxd2 O-O 12.Nf3 Bg4 13.Be3 Nd7 14.Bc4 Rac8 15.O-O Nb6
16.Bb3 Bd7 17.Ne5 Bxe5 18.dxe5 Bb5 19.Rfd1 Be2 20.Rd4 Rxc1+ 21.Bxc1 Kg7 22.e6 Rc8
23.Bb2 f6 24.f4 Bc4 25.f5 Bxb3 26.axb3 gxf5 27.exf5 Rc5 28.g4 h5 29.h3 hxg4
30.hxg4 Nd5 31.Kf2 Rb5 32.Rd3 Nb4 33.Rg3 Nc6 34.Ke1 Kf8 35.Kd2 a5 36.Ba3 Rd5+
37.Kc1 Ne5 38.Kc2 b5 39.Bc1 Nc6 40.Bh6+ Kg8 41.Rc3 Kh7 42.Bd2 Nd4+ 43.Kd1 b4
44.Rd3 Rd8 45.Be3 Nxe6 46.Kd2 Rxd3+ 47.Kxd3 Nd8 48.Ke4 Nc6 49.Kd5 Ne5 50.g5 Kg7
51.g6 Nd3 52.Bb6 Nc1 53.Kc4 e6 54.fxe6 Kxg6 55.Kd5 Ne2 56.Kd6 Ng3 57.Kd7 Nf5
58.Bxa5 Ng7 59.Bxb4 Kf5 60.e7  1-0

[Event "Grand Europe Open Albena"]
[Site "Albena BUL"]
[Date "2013.06.09"]
[Round "9.7"]
[White "Berescu,A"]
[Black "Grigoryan,Av"]
[Result "1/2-1/2"]
[WhiteElo "2461"]
[BlackElo "2605"]

1.d4 Nf6 2.c4 g6 3.Nc3 d5 4.cxd5 Nxd5 5.e4 Nxc3 6.bxc3 Bg7 7.Bc4 c5 8.Be3 Nc6
9.Ne2 O-O 10.O-O Bg4 11.f3 Bd7 12.Rb1 Qc7 13.Bd3 Rad8 14.Bf4 Qc8 15.d5 Ne5
16.c4 e6 17.Bxe5 Bxe5 18.f4 Bg7 19.Qb3 b6 20.Rbe1 Qa6 21.e5 exd5 22.cxd5 b5
23.Bb1 Rfe8 24.Ng3 c4 25.Qf3 b4 26.h4 c3 27.h5 Bb5 28.hxg6 hxg6 29.Rf2 Bc4
30.Be4 f5 31.exf6 Qxf6 32.f5 Re5 33.Qg4 Rf8 34.Rd1 Bh6 35.Bc2 Bxa2 36.Ne4 Rxe4
37.Qxe4 b3 38.Bd3 c2 39.Bxc2 bxc2 40.Rxc2 Bb3 41.Rc6 Qxf5 42.Rxg6+ Kh7 43.Rxh6+ Kxh6
44.Qe3+ Qf4 45.Qxb3 Qf2+ 46.Kh2 Rf5 47.Rd3 Qf4+ 48.Kg1 Qf2+ 49.Kh2 Qf4+ 50.Kg1 Qf2+
51.Kh2  1/2-1/2

[Event "27th Pula Open 2013"]
[Site "Pula CRO"]
[Date "2013.06.09"]
[Round "2.5"]
[White "Ivanovic,An"]
[Black "Fercec,N"]
[Result "0-1"]
[WhiteElo "2145"]
[BlackElo "2499"]

1.d4 Nf6 2.c4 g6 3.Nc3 d5 4.cxd5 Nxd5 5.e4 Nxc3 6.bxc3 Bg7 7.Nf3 c5 8.Be3 Qa5
9.Qd2 b6 10.Rc1 Nd7 11.d5 Nf6 12.Bd3 Ba6 13.c4 Qxd2+ 14.Bxd2 e6 15.O-O O-O-O
16.Bc3 Rhe8 17.Rfd1 exd5 18.exd5 Nh5 19.Bxg7 Nxg7 20.Ng5 Re7 21.Nxh7 Ne8
22.f3 Re5 23.f4 Re7 24.Kf2 Nd6 25.Nf6 Rh8 26.h3 Kd8 27.Ng4 f6 28.Kf3 g5 29.Rd2 gxf4
30.Kxf4 Rhe8 31.Kf3 f5 32.Nf6 Rh8 33.g4 Rxh3+ 34.Kg2 fxg4 35.Nxg4 Rh8 36.Nf2 Rh4
37.Rdc2 Rd4 38.Be2 Nf5 39.Kg1 Rg7+ 40.Kh2 Rh4+ 41.Nh3 Ne3 42.Bf1 Bc8  0-1

[Event "3rd Women Masters"]
[Site "Wuxi CHN"]
[Date "2013.06.09"]
[Round "9.3"]
[White "Ju Wenjun"]
[Black "Ding Yixin"]
[Result "1/2-1/2"]
[WhiteElo "2544"]
[BlackElo "2427"]

1.d4 Nf6 2.c4 g6 3.Nc3 d5 4.cxd5 Nxd5 5.e4 Nxc3 6.bxc3 Bg7 7.Nf3 c5 8.Rb1 O-O
9.Be2 Nc6 10.d5 Bxc3+ 11.Bd2 Bxd2+ 12.Qxd2 Na5 13.h4 Bg4 14.h5 Bxf3 15.gxf3 e5
16.Qh6 g5 17.f4 exf4 18.e5 f6 19.Rg1 Kh8 20.d6 c4 21.Rd1 c3 22.Bd3 Qd7 23.exf6 Rae8+
24.Kf1 Qh3+ 25.Rg2 Qh1+ 26.Rg1 Qh3+  1/2-1/2

[Event "FIDE World Blitz 2013"]
[Site "Khanty-Mansiysk RUS"]
[Date "2013.06.10"]
[Round "17.13"]
[White "Moiseenko,A1"]
[Black "Riazantsev,A"]
[Result "1-0"]
[WhiteElo "2711"]
[BlackElo "2708"]

1.d4 Nf6 2.c4 g6 3.Nc3 d5 4.cxd5 Nxd5 5.e4 Nxc3 6.bxc3 Bg7 7.Nf3 c5 8.Rb1 O-O
9.Be2 b6 10.O-O Bb7 11.Qd3 e6 12.Bg5 Qc7 13.Qe3 Re8 14.h4 Nd7 15.e5 Rac8
16.Rfc1 a6 17.h5 b5 18.Qf4 Qc6 19.Bd3 cxd4 20.cxd4 Qd5 21.Bh6 Bxh6 22.Qxh6 Nxe5
23.dxe5 Qxd3 24.Rd1 Qe4 25.Rb3 Qg4 26.hxg6 hxg6 27.Rd4 Qh5 28.Qxh5 gxh5 29.Ng5 Rc1+
30.Kh2 Bd5 31.Rg3 Kf8 32.Rf4 Rc7 33.Rh3 Bxa2 34.Rxh5 Kg7 35.Ne4 Bb1 36.Rg4+ Kf8
37.Nf6 Rec8 38.Rh8+ Ke7 39.Rgg8 Rxg8 40.Rxg8  1-0

[Event "FIDE World Blitz 2013"]
[Site "Khanty-Mansiysk RUS"]
[Date "2013.06.10"]
[Round "29.20"]
[White "Cheparinov,I"]
[Black "Lagno,Kateryna"]
[Result "1-0"]
[WhiteElo "2678"]
[BlackElo "2542"]

1.d4 Nf6 2.c4 g6 3.Nc3 d5 4.cxd5 Nxd5 5.e4 Nxc3 6.bxc3 Bg7 7.Bb5+ c6 8.Ba4 O-O
9.Ne2 e5 10.O-O exd4 11.cxd4 c5 12.Ba3 b6 13.dxc5 Bxa1 14.Qxa1 Ba6 15.Rd1 Qe7
16.Nc3 Bc4 17.cxb6 Qxa3 18.b7 Na6 19.bxa8=Q Rxa8 20.Bc6 Rb8 21.h4 Qb2 22.Rd8+ Kg7
23.Qxb2 Rxb2 24.Rd7 Nb4 25.Bd5 Nxd5 26.exd5 Rc2 27.Ne4 Rc1+ 28.Kh2 Rd1 29.d6 a5
30.a3 h6 31.f3 a4 32.Nc5 Ra1 33.Ra7 Bb5 34.d7 Rd1 35.Ra8 Bxd7 36.Rd8 Rc1
37.Nxd7 Rd1 38.g4 h5 39.g5 Rd3 40.Kg3 Rd4 41.Kf2 Rd3 42.Ke2 Rd4 43.Ke3 Rd1
44.Ke2 Rd6 45.Ke3 Rd1 46.f4 Rd5 47.Ke4 Rd1 48.Ke5 Rd2 49.Ke4 Rd1 50.Ke3 Rd6
51.f5 gxf5 52.Kf4 Rd5 53.Rg8+  1-0

[Event "2nd Grand Europe Open 2013"]
[Site "Golden Sands BUL"]
[Date "2013.06.11"]
[Round "2.4"]
[White "Grigoryan,Av"]
[Black "Chighladze,I"]
[Result "1/2-1/2"]
[WhiteElo "2605"]
[BlackElo "2396"]

1.c4 g6 2.d4 Nf6 3.Nc3 d5 4.cxd5 Nxd5 5.e4 Nxc3 6.bxc3 Bg7 7.Nf3 c5 8.Rb1 O-O
9.Be2 Nc6 10.d5 Bxc3+ 11.Bd2 Bxd2+ 12.Qxd2 Na5 13.h4 Bg4 14.h5 Bxf3 15.gxf3 e5
16.hxg6 fxg6 17.d6 b6 18.Qd5+ Kg7 19.Qxe5+ Qf6 20.Qh2 h5 21.Qg3 Rae8 22.Rxh5 Qc3+
23.Kf1  1/2-1/2

[Event "2nd Grand Europe Open 2013"]
[Site "Golden Sands BUL"]
[Date "2013.06.11"]
[Round "2.21"]
[White "Omar,Noa"]
[Black "Gopal,G"]
[Result "1/2-1/2"]
[WhiteElo "2355"]
[BlackElo "2522"]

1.d4 Nf6 2.c4 g6 3.Nc3 d5 4.cxd5 Nxd5 5.e4 Nxc3 6.bxc3 Bg7 7.Qa4+ Nd7 8.Nf3 O-O
9.Be2 c5 10.O-O cxd4 11.cxd4 Nc5 12.dxc5 Bd7 13.Qa3 Bxa1 14.e5 Bg4 15.Bf4 Bxf3
16.Bxf3 Qd4 17.g3 Bc3 18.Bxb7 Bb4 19.Qa6 Bxc5 20.Bxa8 Rxa8 21.Rb1 Rd8 22.Be3 Qxe5
23.Rb5 Rd1+ 24.Kg2 Qd5+ 25.f3 Rd2+ 26.Kg1 Rd1+ 27.Kg2 Rd2+  1/2-1/2

[Event "27th Pula Open 2013"]
[Site "Pula CRO"]
[Date "2013.06.11"]
[Round "4.4"]
[White "Sulava,N"]
[Black "Buchicchio,Giam"]
[Result "0-1"]
[WhiteElo "2484"]
[BlackElo "2309"]

1.c4 Nf6 2.Nc3 d5 3.cxd5 Nxd5 4.d4 g6 5.e4 Nxc3 6.bxc3 Bg7 7.Bc4 c5 8.Ne2 Nd7
9.O-O e5 10.Ba3 Qa5 11.Qb3 O-O 12.f4 exd4 13.cxd4 b5 14.Bd5 Rb8 15.Rad1 c4
16.Qb4 Qb6 17.Qd6 b4 18.Qxb6 Rxb6 19.Bc1 Nf6 20.Bxc4 Nxe4 21.Ng3 Nc3 22.Rd2 Rd8
23.d5 Ba6 24.Bxa6 Rxa6 25.Bb2 Rad6 26.a3 a5 27.axb4 axb4 28.Ra1 Rxd5 29.Rxd5 Rxd5
30.Ra8+ Bf8 31.Nf1 Kg7 32.Bc1  0-1

[Event "27th Pula Open 2013"]
[Site "Pula CRO"]
[Date "2013.06.11"]
[Round "5.18"]
[White "Blagojevic,M"]
[Black "Jelen,Ig"]
[Result "0-1"]
[WhiteElo "2133"]
[BlackElo "2376"]

1.d4 Nf6 2.c4 g6 3.Nc3 d5 4.cxd5 Nxd5 5.e4 Nxc3 6.bxc3 Bg7 7.Nf3 c5 8.Rb1 O-O
9.Be2 Qa5 10.Qd2 b6 11.O-O Ba6 12.Bxa6 Nxa6 13.Qe2 Nc7 14.Be3 Rac8 15.Rb3 cxd4
16.cxd4 Ne6 17.Qb2 Qa4 18.Ra3 Qd7 19.Qd2 Rfd8 20.e5 Qb7 21.Qe2 Nc7 22.h3 a6
23.Rb3 b5 24.Rc3 Nd5 25.Rxc8 Rxc8 26.Rc1 Rxc1+ 27.Bxc1 Qc6 28.Be3 a5 29.Ne1 b4
30.Nd3 Qc4 31.Qd2 Nc3 32.Nc1 e6 33.Nb3 a4 34.Nc5 Bf8 35.Nd7 Qxa2  0-1

[Event "2nd Grand Europe Open 2013"]
[Site "Golden Sands BUL"]
[Date "2013.06.12"]
[Round "3.21"]
[White "Chighladze,I"]
[Black "Gupta,Ab"]
[Result "1/2-1/2"]
[WhiteElo "2396"]
[BlackElo "2600"]

1.d4 Nf6 2.c4 g6 3.Nc3 d5 4.cxd5 Nxd5 5.e4 Nxc3 6.bxc3 Bg7 7.Bc4 O-O 8.Ne2 c5
9.O-O Nc6 10.Be3 Bg4 11.f3 Bd7 12.Rb1 Qc7 13.dxc5 Na5 14.Bb5 Bxb5 15.Rxb5 a6
16.Rb4 Rfd8 17.Qa4 e6 18.Rb6 Rd3 19.Bf2 Rd2 20.Nd4 Rxf2 21.Rxf2 Qxc5 22.Qb4 Bf8
23.f4 Rd8 24.Qxc5 Bxc5 25.Rb1 b5 26.Kh1 b4 27.Rc2 Bxd4 28.cxd4 Rxd4 29.Rc8+ Kg7
30.g3 Rxe4 31.Ra8 Nc6 32.Rxa6 Ne7 33.Ra4 Nd5 34.a3 Re2 35.Raxb4 Nxb4 36.axb4 Rd2
37.b5 Rd7 38.Kg2 Kf6 39.Kf3 Ke7 40.b6 Rb7 41.Ke4 Kd6 42.Kd4 f6 43.g4 Kc6
44.g5 Rd7+ 45.Ke4 fxg5 46.fxg5 Rb7 47.h4  1/2-1/2

[Event "17th Petr Izmailov"]
[Site "Tomsk RUS"]
[Date "2013.06.14"]
[Round "4.23"]
[White "Dmitrienko,And"]
[Black "Yanuchenko,Polina"]
[Result "1-0"]
[WhiteElo "2208"]
[BlackElo "1848"]

1.d4 Nf6 2.c4 g6 3.Nc3 d5 4.cxd5 Nxd5 5.e4 Nxc3 6.bxc3 Bg7 7.Nf3 c5 8.Rb1 Nc6
9.d5 Bxc3+ 10.Bd2 Bxd2+ 11.Qxd2 Nd4 12.Nxd4 cxd4 13.Qxd4 O-O 14.Be2 e6 15.d6 Qa5+
16.Qd2 Qxd2+ 17.Kxd2 e5 18.Ke3 Rd8 19.Rhd1 Rb8 20.Rb5 f6 21.Bc4+ Kg7 22.Rc5 Bd7
23.Rc7 Kf8 24.f4 b5 25.Bb3 exf4+ 26.Kxf4 g5+ 27.Ke3 a5 28.Rf1 f5 29.e5 a4
30.Bd5 Rb6 31.Rfc1 Ke8 32.e6 Bxe6 33.Re7+ Kf8 34.Rxe6 Rbxd6 35.Rxd6 Rxd6
36.Kd4  1-0

[Event "XV Foment Martinenc"]
[Site "Barcelona ESP"]
[Date "2013.06.15"]
[Round "9.3"]
[White "Pardo Simon,D"]
[Black "Sanchez Ibern,M"]
[Result "1/2-1/2"]
[WhiteElo "2418"]
[BlackElo "2358"]

1.d4 Nf6 2.c4 g6 3.Nc3 d5 4.cxd5 Nxd5 5.e4 Nxc3 6.bxc3 Bg7 7.Nf3 c5 8.Be3 Qa5
9.Qd2 Nc6 10.Rc1 cxd4 11.cxd4 Qxd2+ 12.Kxd2 O-O 13.d5 Rd8 14.Kc2 Na5 15.Bg5 Bd7
16.Bxe7 Rdc8+ 17.Kb1 Rxc1+ 18.Kxc1 Re8 19.Bb4 Nc4 20.Bxc4 Rxe4 21.Nd2 Bh6
22.Kb2 Bxd2 23.Bxd2 Rxc4 24.Bc3 Rc5 25.Rd1 Rb5+ 26.Ka1 Rc5 27.Kb2 Rb5+  1/2-1/2